Seven Dwarfs Logic Puzzle Quiz Stats

Quiz Updated Nov 28, 2015

Challenge
Share
Tweet
Score 0/9 Timer 05:00
3 Plays Today
Dwarf % Correct



1



???
100%



9



???
99.8%



4



???
72%



7



???
66.7%



8



???
43.5%



2



???
32.9%



3



???
32.4%



5



???
30.9%



6



???
27.8%

You're not logged in!

Compare scores with friends on all Sporcle quizzes.
Sign Up with Email
OR
Log In

You Might Also Like...

Show Comments

Extras

Top Quizzes Today


Score Distribution

Your Account Isn't Verified!

In order to create a playlist on Sporcle, you need to verify the email address you used during registration. Go to your Sporcle Settings to finish the process.